000 00903nam a22002177a 4500
003 OSt
005 20250730064334.0
008 250730b |||||||| |||| 00| 0 eng d
020 _a 9789718520161
040 _aDWCL-Main lib
_cOC
082 _aFil. 613.04 H438 2005
100 _aTan, Jaime Z. Galvez
245 _aHealth curriculum in Philippine basic education :
_b a resource book on health for teachers, volume 2 : a resource book on health for techers/
_cTan Jaime Z. Galvez
260 _aManila :
_bUNACOM, Social Human Committee : National Institutes of Health, University of the Philippines,
_cc2005.
300 _a276 pages :
_b illustrations ;
_c22 cm.
650 _a1. Education, Elementary--Philippines.
650 _a2. Health education--Philippines--Textbooks
650 _a3. Health education--Philippines.
700 _aEvelina M. Vivencio
942 _2ddc
_cBK - FIL
_kFil.
_n0
999 _c3906
_d3906